Modernizácia techniky hlásnej služby
Informačný systém civilnej ochrany varuje obyvateľstvo v prípade ohrozenia. Informačný systém CO tvorí hlásna služba a informačná služba CO. Varovné signály na území SR stanovuje zákon NR SR č. 42/94 Z.z. o civilnej ochrane obyvateľstva v znení neskorších predpisov. Od r. 1995 sa realizuje modernizá...
Gespeichert in:
| 1. Verfasser: | |
|---|---|
| Format: | Buchkapitel |
| Sprache: | Slowakisch |
| Schlagworte: | |
| Tags: |
Keine Tags, Fügen Sie das erste Tag hinzu!
|
MARC
| LEADER | 00000naa a2200000 4500 | ||
|---|---|---|---|
| 001 | r047652 | ||
| 005 | 20230927091706.7 | ||
| 041 | 0 | |a slo | |
| 044 | |a SK | ||
| 245 | 1 | 0 | |a Modernizácia techniky hlásnej služby |c Ivan Chládek |
| 520 | |a Informačný systém civilnej ochrany varuje obyvateľstvo v prípade ohrozenia. Informačný systém CO tvorí hlásna služba a informačná služba CO. Varovné signály na území SR stanovuje zákon NR SR č. 42/94 Z.z. o civilnej ochrane obyvateľstva v znení neskorších predpisov. Od r. 1995 sa realizuje modernizácia varovacej a vyrozumievacej siete CO v súlade s Koncepciou vyrozumenia a varovania do r. 2010. | ||
| 610 | 2 | 0 | |a ochrana civilná |
| 610 | 2 | 0 | |a informácie |
| 610 | 2 | 0 | |a systémy informačné |
| 610 | 2 | 0 | |a pohromy živelné |
| 610 | 2 | 0 | |a modernizácia |
| 610 | 2 | 0 | |a zákony |
| 610 | 2 | 0 | |a technika |
| 610 | 2 | 0 | |a Slovensko |
| 100 | 1 | |a Chládek, Ivan | |